Estatísticas para Cores Portuguesas

Clique aqui para jogar o quiz

Estatísticas Gerais

  • Esse quiz foi jogado 192 vezes
  • A pontuação média é 6 de 6

Estatísticas das Respostas

Em inglêsResponda% Correto
GreenVerde
100%
BlueAzul
99%
YellowAmarelo
98%
RedVermelho
98%
OrangeLaranja
95%
PurpleRoxo
90%

Distribuição das Pontuações

Percentil de Números Respondidos

Porcentagem de Pessoas com Cada Pontuação

Sua Pontuação Histórica

Você não jogou esse quiz